000
00315nam a2200121Ia 4500
008
220217s9999 xx 000 0 und d
245
0
_a
Specification for rubber hoses for compressed air.
260
_c
1980
500
_a
Standard number: BS 5118
650
_a
Compressed air
650
_a
Rubber hose
942
_c
ST
999
_c
73101
_d
73101